[Event "Mittelfrank Regionalliga Sud-West 2223"]
[Site "Mittelfranken"]
[Date "2023.01.15"]
[Round "5.6"]
[White "Lipp, Mirko"]
[Black "Bacherler, Thomas"]
[Result "1/2-1/2"]
[WhiteElo "1882"]
[BlackElo "2027"]
[PlyCount "77"]
[EventDate "2022.10.09"]
[EventType "team-tourn"]
[EventRounds "9"]
[EventCountry "GER"]
[SourceTitle "EXT 2024"]
[Source "ChessBase"]
[SourceDate "2023.10.10"]
[SourceVersion "1"]
[SourceVersionDate "2023.10.10"]
[SourceQuality "1"]
[WhiteTeam "Sendling"]
[BlackTeam "Marktoberdorf"]
[WhiteTeamCountry "GER"]
[BlackTeamCountry "GER"]

1. e4 c5 2. c3 d5 3. exd5 Nf6 4. Nf3 Nxd5 5. d4 e6 6. Bc4 cxd4 7. Nxd4 Be7 8. 0-0 0-0 9. Bb3 Bf6 10. Nf3 Nc6 11. Nbd2 b6 12. Ne4 Be7 13. Ng3 Ba6 14. Re1 Nf6 15. Qxd8 Rfxd8 16. Bg5 h6 17. Bxf6 Bxf6 18. Rad1 Rxd1 19. Rxd1 Rd8 20. Rxd8+ Bxd8 21. Bc2 Bc7 22. Be4 Ne5 23. Nxe5 Bxe5 24. f3 Kf8 25. Kf2 Ke7 26. h3 Kd6 27. Ne2 Bc4 28. Bb1 g5 29. Ke3 f5 30. a3 Bf6 31. Bd3 Kd5 32. Kd2 b5 33. Kc2 Bxd3+ 34. Kxd3 e5 35. Ng3 Ke6 36. b3 Be7 37. a4 a6 38. axb5 axb5 39. c4 1/2-1/2

[Event "Regionalliga Sued-West 1718"]
[Site "Bayern"]
[Date "2017.10.22"]
[Round "1.5"]
[White "Bacherler, Thomas"]
[Black "Kuhn, Hubert"]
[Result "1/2-1/2"]
[WhiteElo "2018"]
[BlackElo "1996"]
[PlyCount "47"]
[EventDate "2017.10.22"]
[EventType "team-tourn"]
[EventRounds "9"]
[EventCountry "GER"]
[SourceTitle "EXT 2022"]
[Source "ChessBase"]
[SourceDate "2021.10.06"]
[SourceVersion "1"]
[SourceVersionDate "2021.10.06"]
[SourceQuality "1"]
[WhiteTeam "Marktoberdorf"]
[BlackTeam "Zugzwang MSA II"]
[WhiteTeamCountry "GER"]
[BlackTeamCountry "GER"]

1. c4 g6 2. Nc3 Bg7 3. g3 c6 4. Bg2 Nf6 5. Nf3 d5 6. cxd5 cxd5 7. d4 h6 8. Ne5 e6 9. 0-0 0-0 10. e3 Nc6 11. Nxc6 bxc6 12. Na4 Ba6 13. Re1 Bb5 14. Bd2 a5 15. Rc1 Nd7 16. Nc5 Nxc5 17. Rxc5 a4 18. Bb4 Qb6 19. Rc3 Rfb8 20. Bc5 Qb7 21. Bd6 Rd8 22. Bc5 Rdb8 23. Bd6 Rd8 24. Bc5 1/2-1/2

[Event "Regionalliga SW 0203"]
[Site "Bayern"]
[Date "2003.01.12"]
[Round "4.8"]
[White "Friedrich, Wolfgang"]
[Black "Bacherler, Thomas"]
[Result "0-1"]
[WhiteElo "1880"]
[BlackElo "1944"]
[PlyCount "114"]
[EventDate "2002.10.20"]
[EventType "team"]
[EventRounds "9"]
[EventCountry "GER"]
[SourceTitle "EXT 2004"]
[Source "ChessBase"]
[SourceDate "2003.11.25"]
[SourceVersion "1"]
[SourceVersionDate "2003.11.25"]
[SourceQuality "1"]
[WhiteTeam "Bobingen"]
[BlackTeam "Unterhaching"]
[WhiteTeamCountry "GER"]
[BlackTeamCountry "GER"]

1. e4 c5 2. c3 Nf6 3. e5 Nd5 4. d4 cxd4 5. cxd4 Nc6 6. Nf3 d6 7. Bc4 Nb6 8. Bb5 dxe5 9. Nxe5 Bd7 10. Bxc6 Bxc6 11. Nxc6 bxc6 12. Nc3 g6 13. Be3 Bg7 14. Qf3 Nd5 15. 0-0 0-0 16. Rac1 Rb8 17. b3 Nxc3 18. Rxc3 Qa5 19. Rc2 Rbc8 20. Rfc1 Rfd8 21. Qe4 e6 22. h3 Rc7 23. Rd2 Rd5 24. Rc4 c5 25. Qc2 Rcd7 26. b4 cxb4 27. Qb2 Rb5 28. Rdc2 Rb8 29. Bf4 Rbb7 30. a3 Qd5 31. Rc8+ Rd8 32. axb4 Bxd4 33. Qc1 Rbd7 34. R2c7 Rxc7 35. Qxc7 Rxc8 36. Qxc8+ Kg7 37. Qc7 Qb5 38. Bd6 Qe2 39. Bg3 Qe1+ 40. Kh2 Qxb4 41. Be5+ Bxe5+ 42. Qxe5+ Kg8 43. Qf6 a5 44. h4 h5 45. f3 a4 46. Kh3 a3 47. g4 Qc5 48. Qd8+ Kg7 49. Qa8 hxg4+ 50. fxg4 Qe3+ 51. Kh2 Qf2+ 52. Kh3 a2 53. h5 Qf1+ 54. Kh4 g5+ 55. Kg3 a1Q 56. h6+ Kxh6 57. Qf8+ Qg7 0-1

[Event "Passau op 8th"]
[Site "Passau"]
[Date "2000.04.23"]
[Round "6"]
[White "Barth, Norbert"]
[Black "Bacherler, Thomas"]
[Result "1-0"]
[WhiteElo "2192"]
[BlackElo "1957"]
[PlyCount "165"]
[EventDate "2000.04.21"]
[EventType "swiss"]
[EventRounds "7"]
[EventCountry "GER"]
[SourceTitle "CBM 076 Extra"]
[Source "ChessBase"]
[SourceDate "2000.07.11"]
[SourceVersion "1"]
[SourceVersionDate "2000.07.11"]
[SourceQuality "1"]

1. Nf3 c5 2. c4 Nc6 3. Nc3 g6 4. e3 Nf6 5. d4 cxd4 6. exd4 d5 7. h3 Bg7 8. Be3 0-0 9. Rc1 dxc4 10. Bxc4 Na5 11. Be2 Be6 12. b3 Nd5 13. Qd2 Nxc3 14. Rxc3 Nc6 15. 0-0 Bd5 16. Rd1 a6 17. Ne5 e6 18. Bg5 Qd6 19. Nc4 Bxc4 20. Rxc4 b5 21. Rxc6 Qxc6 22. Bf3 Qd7 23. Bxa8 Rxa8 24. d5 Qxd5 25. Qxd5 exd5 26. Rxd5 h6 27. Be3 Kf8 28. Rd7 h5 29. Rb7 Ba1 30. Kf1 Kg7 31. Rb6 Bc3 32. Ke2 b4 33. Kd3 a5 34. Kc4 a4 35. Bd4+ Bxd4 36. Kxd4 axb3 37. axb3 Ra2 38. Ke3 Rb2 39. Rxb4 Kf6 40. g3 Ke6 41. Rb7 Rb1 42. Kf4 Rb2 43. Rb6+ Ke7 44. Kf3 Kd7 45. Kg2 Ke7 46. Rb4 Ke6 47. Re4+ Kf5 48. Re3 g5 49. Rc3 f6 50. Rc5+ Ke4 51. Rb5 g4 52. Rb4+ Kf5 53. Rf4+ Kg5 54. h4+ Kg6 55. Rb4 Rb1 56. Rb7 Rb2 57. Rb5 Rb1 58. Rb8 Rb2 59. b4 Rb1 60. b5 Rb2 61. b6 Rb1 62. b7 Kf5 63. Kh2 Rb2 64. Kg1 Rb1+ 65. Kg2 Rb2 66. Kf1 Rb1+ 67. Ke2 Rb2+ 68. Ke3 Rb4 69. Kd3 Rb1 70. Kd4 Rb2 71. Kd5 Rb1 72. Kc6 Rc1+ 73. Kd7 Rb1 74. Ke7 Ke4 75. Kxf6 Kf3 76. Rf8 Rxb7 77. Kg5+ Kg2 78. Kxh5 Kh3 79. Rf6 Rb3 80. Kg5 Rf3 81. Rxf3 gxf3 82. Kf4 Kg2 83. Ke3 1-0

[Event "Passau op 8th"]
[Site "Passau"]
[Date "2000.04.22"]
[Round "4"]
[White "Bacherler, Thomas"]
[Black "Ritz, Thomas"]
[Result "1/2-1/2"]
[WhiteElo "1957"]
[BlackElo "2139"]
[PlyCount "22"]
[EventDate "2000.04.21"]
[EventType "swiss"]
[EventRounds "7"]
[EventCountry "GER"]
[SourceTitle "CBM 076 Extra"]
[Source "ChessBase"]
[SourceDate "2000.07.11"]
[SourceVersion "1"]
[SourceVersionDate "2000.07.11"]
[SourceQuality "1"]

1. d4 Nf6 2. c4 e6 3. Nf3 d5 4. Nc3 c6 5. e3 Nbd7 6. Qc2 Bd6 7. Be2 0-0 8. 0-0 b6 9. Rd1 Bb7 10. e4 dxe4 11. Nxe4 Nxe4 1/2-1/2